Grudges - Paramore - Statistics

General Stats
  • This quiz has been taken 7 times
  • The average score is 285 of 330
Answer Stats
Hint Answer % Correct
a
100%
again
100%
And
100%
and
100%
asking
100%
bastard
100%
be
100%
break
100%
can
100%
can't
100%
'Cause
100%
changed?
100%
changed
100%
get
100%
grudges
100%
holding
100%
I
100%
is
100%
just
100%
keep
100%
much
100%
my
100%
neck
100%
on
100%
pick
100%
so
100%
start
100%
Chorus Stop
100%
that
100%
time
100%
Verse 2 TIme
100%
to
100%
up
100%
waste
100%
we
100%
where
100%
why
100%
Why
100%
won't
100%
all
83%
all?
83%
Are
83%
are
83%
around
83%
brain
83%
Could
83%
did
83%
feel
83%
find
83%
had
83%
it
83%
I've
83%
like
83%
Like
83%
Outro No
83%
off
83%
Or
83%
or
83%
racking
83%
the
83%
them
83%
Well
83%
we'll
83%
we're
83%
were
83%
when
83%
you
83%
you?
83%
your
83%
alright?
67%
been
67%
by
67%
call
67%
care
67%
don't
67%
Exactly
67%
fight
67%
first
67%
found
67%
go
67%
go?
67%
hand
67%
how
67%
if
67%
Post-Chorus If
67%
kids
67%
know
67%
left
67%
let
67%
me
67%
ourselves
67%
recounting
67%
shaking
67%
Verse 1 Strange
67%
this
67%
wanna
67%
we've
67%
while
67%
without
67%
you're
67%
better
50%
But
50%
come
50%
Come
50%
even
50%
faults?
50%
give
50%
it's
50%
long?
50%
long
50%
now
50%
over
50%
side
50%
take
50%
us?
50%
us
50%
way
50%
years
50%
aren't
33%
cry
33%
laugh
33%
'til
33%
brave
17%
pck
0%
No matching quizzes found
Score Distribution
Percent of People with Each Score
Percentile by Number Answered
Your Score History
You have not taken this quiz